The disciverers

Guardat en:
Dades bibliogràfiques
Autor principal: Boorstin, Daniel J.
Format: Llibre
Idioma:Undetermined
Publicat: New York Random House 1983
Matèries:
Etiquetes: Afegir etiqueta
Sense etiquetes, Sigues el primer a etiquetar aquest registre!
Thư viện lưu trữ: Trung tâm Học liệu Trường Đại học Cần Thơ
LEADER 00490nam a2200193Ia 4500
001 CTU_84368
008 210402s9999 xx 000 0 und d
082 |a 909.19 
082 |b B724 
100 |a Boorstin, Daniel J. 
245 4 |a The disciverers 
245 0 |c Daniel J. Boorstin 
260 |a New York 
260 |b Random House 
260 |c 1983 
650 |a Civilization 
650 |x History 
904 |i QHieu(sửa) 
980 |a Trung tâm Học liệu Trường Đại học Cần Thơ